Didáctica de la lengua española

Збережено в:
Бібліографічні деталі
Автор: Esquer Torres, Ramón
Формат: Книга
Мова:Undetermined
Опубліковано: Madrid, España Alcalá 1971
Редагування:4
Предмети:
Теги: Додати тег
Немає тегів, Будьте першим, хто поставить тег для цього запису!

MARC

LEADER 00000nam a2200000Ia 4500
008 170316s9999 xx 000 0 und d
090 |a 415-E E-4d 
100 |a Esquer Torres, Ramón 
245 |a Didáctica de la lengua española 
250 |a 4 
260 |a Madrid, España 
260 |b Alcalá 
260 |c 1971 
300 |a 442 páginas 
650 |a GRAMÁTICA ESPAÑOLA 
999 |c 18950  |d 18950 
040 |a cru BVZT 
942 |c 15 D  |h 415-E E-4d  |2 z